[Event "DEM U16w 2022"]
[Site "Willingen GER"]
[Date "2022.06.05"]
[Round "1"]
[White "Glowiak, Alexandra"]
[Black "Buchholz, Maja"]
[Result "1-0"]
[Termination "normal"]
[Board "1"]
[WhiteElo "1503"]
[BlackElo "1939"]
[WhiteClock "00:00:51"]
[BlackClock "00:01:13"]
[PlyCount "145"]
[WhiteFideId "16259530"]
[BlackFideId "16200500"]
[EventCountry "GER"]
[EventRounds "9"]
[EventType "swiss"]
[EventDate "2022.06.04"]

1. e4 {[%clk 1:30:57]} e6 {[%clk 1:30:55]} 2. d4 {[%clk 1:31:19]} d5 {[%clk
1:31:20]} 3. Nd2 {[%clk 1:31:44]} c5 {[%clk 1:30:56]} 4. c3 {[%clk 1:31:57]}
Nc6 {[%clk 1:30:21]} 5. Ne2 {[%clk 1:22:53]} cxd4 {[%clk 1:23:13]} 6. cxd4
{[%clk 1:17:54]} Bb4 {[%clk 1:19:37]} 7. e5 {[%clk 1:16:06]} f6 {[%clk
1:17:10]} 8. exf6 {[%clk 1:07:23]} Nxf6 {[%clk 1:15:58]} 9. a3 {[%clk 1:04:06]}
Bd6 {[%clk 1:14:48]} 10. Nf3 {[%clk 1:01:04]} Qa5+ {[%clk 1:07:19]} 11. Nc3
{[%clk 0:52:22]} Ne4 {[%clk 1:06:21]} 12. Bd2 {[%clk 0:48:36]} Nxd2 {[%clk
1:06:32]} 13. Qxd2 {[%clk 0:48:50]} O-O {[%clk 1:05:21]} 14. Bd3 {[%clk
0:45:14]} Bd7 {[%clk 0:55:51]} 15. O-O {[%clk 0:44:45]} a6 {[%clk 0:37:08]} 16.
b4 {[%clk 0:31:22]} Qd8 {[%clk 0:36:42]} 17. Ne2 {[%clk 0:29:10]} Kh8 {[%clk
0:27:00]} 18. Qg5 {[%clk 0:22:13]} Qe8 {[%clk 0:23:18]} 19. Rfe1 {[%clk
0:11:49]} Qf7 {[%clk 0:19:50]} 20. Ra2 {[%clk 0:08:27]} Rae8 {[%clk 0:19:48]}
21. Qh4 {[%clk 0:06:27]} h6 {[%clk 0:18:11]} 22. Ng5 {[%clk 0:04:56]} Qf6
{[%clk 0:17:18]} 23. Nf3 {[%clk 0:04:05]} e5 {[%clk 0:14:06]} 24. Qxf6 {[%clk
0:03:59]} gxf6 {[%clk 0:14:20]} 25. dxe5 {[%clk 0:03:31]} fxe5 {[%clk 0:13:55]}
26. Bb1 {[%clk 0:03:39]} Kg7 {[%clk 0:12:14]} 27. Rd2 {[%clk 0:03:03]} Be6
{[%clk 0:12:10]} 28. Ba2 {[%clk 0:03:04]} Nxb4 {[%clk 0:10:43]} 29. axb4 {[%clk
0:02:49]} Bxb4 {[%clk 0:11:06]} 30. Red1 {[%clk 0:03:09]} Bxd2 {[%clk 0:11:21]}
31. Rxd2 {[%clk 0:03:36]} d4 {[%clk 0:11:05]} 32. Bxe6 {[%clk 0:03:20]} Rxe6
{[%clk 0:11:30]} 33. Ng3 {[%clk 0:03:12]} b5 {[%clk 0:10:52]} 34. Ne4 {[%clk
0:02:50]} Rf4 {[%clk 0:10:34]} 35. Re2 {[%clk 0:02:28]} b4 {[%clk 0:10:28]} 36.
Nc5 {[%clk 0:02:08]} Rd6 {[%clk 0:09:45]} 37. Nd3 {[%clk 0:02:08]} Rf7 {[%clk
0:07:57]} 38. Nfxe5 {[%clk 0:02:11]} Rb7 {[%clk 0:07:50]} 39. Nc5 {[%clk
0:01:52]} Rb5 {[%clk 0:06:50]} 40. Ned3 {[%clk 0:01:45]} a5 {[%clk 0:06:49]}
41. Na4 {[%clk 0:28:08]} Rc6 {[%clk 0:34:26]} 42. f4 {[%clk 0:21:41]} b3 {[%clk
0:33:51]} 43. g4 Rc4 {[%clk 0:31:52]} 44. Ndb2 {[%clk 0:15:03]} Rcb4 {[%clk
0:29:51]} 45. Rd2 {[%clk 0:09:58]} Rd5 {[%clk 0:29:38]} 46. Rd3 {[%clk
0:10:05]} Kf6 {[%clk 0:28:46]} 47. Kf2 {[%clk 0:10:18]} Ke6 {[%clk 0:27:32]}
48. f5+ {[%clk 0:05:49]} Ke5 {[%clk 0:27:27]} 49. Kf3 {[%clk 0:05:23]} Rdb5
{[%clk 0:26:48]} 50. Rd2 {[%clk 0:04:48]} Rb8 {[%clk 0:23:58]} 51. Nd3+ {[%clk
0:03:15]} Kd5 {[%clk 0:23:46]} 52. Ndb2 {[%clk 0:02:35]} Kc6 {[%clk 0:21:44]}
53. Re2 {[%clk 0:02:38]} Kd5 {[%clk 0:16:15]} 54. h3 {[%clk 0:02:53]} R8b7
{[%clk 0:14:32]} 55. Re8 {[%clk 0:02:43]} Rd7 {[%clk 0:08:49]} 56. Ra8 {[%clk
0:02:36]} Rb5 {[%clk 0:08:51]} 57. Ra6 {[%clk 0:02:21]} Rd6 {[%clk 0:07:26]}
58. Ra8 {[%clk 0:02:27]} Ke5 {[%clk 0:06:00]} 59. Nc4+ {[%clk 0:02:11]} Kd5
{[%clk 0:06:19]} 60. Nxd6 {[%clk 0:02:27]} Kxd6 {[%clk 0:06:43]} 61. Ra6+
{[%clk 0:02:48]} Kd5 {[%clk 0:06:48]} 62. Rxh6 {[%clk 0:03:09]} b2 {[%clk
0:05:41]} 63. Nxb2 {[%clk 0:03:37]} Rxb2 {[%clk 0:06:07]} 64. Ra6 {[%clk
0:03:20]} Kc4 {[%clk 0:02:23]} 65. f6 {[%clk 0:02:41]} d3 {[%clk 0:01:27]} 66.
Rxa5 {[%clk 0:02:21]} Kc3 {[%clk 0:00:35]} 67. Ra8 {[%clk 0:02:14]} Rb1 {[%clk
0:00:48]} 68. Rc8+ {[%clk 0:02:03]} Kd2 {[%clk 0:00:55]} 69. Kg2 {[%clk
0:01:14]} Rb7 {[%clk 0:00:40]} 70. g5 {[%clk 0:01:29]} Rd7 {[%clk 0:00:46]} 71.
g6 {[%clk 0:01:29]} Ke3 {[%clk 0:01:05]} 72. Re8+ {[%clk 0:01:37]} Kd4 {[%clk
0:01:13]} 73. Re1 {[%clk 0:00:51]} *

[Event "DEM U16w 2022"]
[Site "Willingen GER"]
[Date "2022.06.05"]
[Round "1"]
[White "Pohle, Saskia"]
[Black "Dohon, Maria-Johanna"]
[Result "1-0"]
[Termination "normal"]
[Board "2"]
[WhiteElo "1827"]
[BlackElo "1578"]
[WhiteClock "00:30:28"]
[BlackClock "00:28:08"]
[PlyCount "83"]
[WhiteFideId "16201604"]
[BlackFideId "34600957"]
[EventCountry "GER"]
[EventRounds "9"]
[EventType "swiss"]
[EventDate "2022.06.04"]

1. e4 {[%clk 1:30:58]} c6 {[%clk 1:30:49]} 2. Nf3 {[%clk 1:31:23]} d5 {[%clk
1:31:11]} 3. Nc3 {[%clk 1:31:49]} Bg4 {[%clk 1:31:25]} 4. h3 {[%clk 1:32:11]}
Bxf3 {[%clk 1:31:49]} 5. Qxf3 {[%clk 1:32:36]} e6 {[%clk 1:32:10]} 6. d3 {[%clk
1:33:01]} Bd6 {[%clk 1:28:38]} 7. Bd2 {[%clk 1:31:53]} Ne7 {[%clk 1:28:05]} 8.
g4 {[%clk 1:28:18]} Nd7 {[%clk 1:25:53]} 9. O-O-O {[%clk 1:26:58]} Qc7 {[%clk
1:19:04]} 10. Be2 {[%clk 1:22:32]} Ne5 {[%clk 1:12:56]} 11. Qg2 {[%clk
1:21:30]} d4 {[%clk 1:08:59]} 12. Nb1 {[%clk 1:20:28]} O-O-O {[%clk 1:05:54]}
13. Rdf1 {[%clk 1:09:59]} c5 {[%clk 0:56:36]} 14. f4 {[%clk 1:05:48]} N5c6
{[%clk 0:51:24]} 15. e5 {[%clk 1:05:12]} Bxe5 {[%clk 0:50:51]} 16. fxe5 {[%clk
1:05:36]} Nxe5 {[%clk 0:50:06]} 17. Bf4 {[%clk 1:02:16]} f6 {[%clk 0:48:13]}
18. Nd2 {[%clk 0:51:05]} Nd5 {[%clk 0:45:44]} 19. Qg3 {[%clk 0:47:11]} Ne3
{[%clk 0:35:52]} 20. Rfg1 {[%clk 0:42:53]} Nd5 {[%clk 0:32:35]} 21. Bxe5 {[%clk
0:36:12]} fxe5 {[%clk 0:32:56]} 22. Nc4 {[%clk 0:35:43]} Nf4 {[%clk 0:30:46]}
23. Bf3 {[%clk 0:33:26]} b5 {[%clk 0:29:05]} 24. Nd2 {[%clk 0:30:02]} Rd6
{[%clk 0:27:18]} 25. Re1 {[%clk 0:26:57]} Ra6 {[%clk 0:24:52]} 26. a3 {[%clk
0:26:45]} c4 {[%clk 0:24:07]} 27. dxc4 {[%clk 0:21:03]} bxc4 {[%clk 0:22:18]}
28. Be4 {[%clk 0:17:58]} Qc5 {[%clk 0:17:26]} 29. Qf3 {[%clk 0:16:37]} Kc7
{[%clk 0:15:12]} 30. Nb1 {[%clk 0:14:13]} Rb8 {[%clk 0:14:58]} 31. Rh2 {[%clk
0:12:53]} Rab6 {[%clk 0:15:00]} 32. c3 {[%clk 0:11:29]} d3 {[%clk 0:13:05]} 33.
b4 {[%clk 0:06:28]} Qd6 {[%clk 0:11:00]} 34. Qe3 {[%clk 0:04:26]} a5 {[%clk
0:07:07]} 35. Nd2 {[%clk 0:03:19]} axb4 {[%clk 0:03:29]} 36. axb4 {[%clk
0:03:04]} Ra6 {[%clk 0:02:37]} 37. Nxc4 {[%clk 0:02:48]} Ra1+ {[%clk 0:03:00]}
38. Kb2 {[%clk 0:03:14]} Rxe1 {[%clk 0:02:34]} 39. Qxe1 {[%clk 0:03:24]} Qd7
{[%clk 0:01:04]} 40. Qe3 {[%clk 0:03:10]} Nd5 {[%clk 0:00:35]} 41. Qc5+ {[%clk
0:02:46]} Kd8 {[%clk 0:28:08]} 42. Nxe5 {[%clk 0:30:28]} 1-0

[Event "DEM U16w 2022"]
[Site "Willingen GER"]
[Date "2022.06.05"]
[Round "1"]
[White "Alferova, Emily"]
[Black "Werner, Rosalie"]
[Result "0-1"]
[Termination "normal"]
[Board "3"]
[WhiteElo "1523"]
[BlackElo "1706"]
[WhiteClock "00:06:40"]
[BlackClock "00:05:28"]
[PlyCount "118"]
[WhiteFideId "16265904"]
[BlackFideId "16223748"]
[EventCountry "GER"]
[EventRounds "9"]
[EventType "swiss"]
[EventDate "2022.06.04"]

1. e4 {[%clk 1:30:58]} e6 {[%clk 1:30:53]} 2. d4 {[%clk 1:31:24]} d5 {[%clk
1:31:18]} 3. exd5 {[%clk 1:31:49]} exd5 {[%clk 1:31:42]} 4. Bd3 {[%clk
1:32:15]} Nc6 {[%clk 1:31:04]} 5. c3 {[%clk 1:32:38]} Bd6 {[%clk 1:31:25]} 6.
Qf3 {[%clk 1:32:50]} Nge7 {[%clk 1:30:36]} 7. Ne2 {[%clk 1:31:48]} Be6 {[%clk
1:27:46]} 8. Bf4 {[%clk 1:26:31]} O-O {[%clk 1:23:22]} 9. Nd2 {[%clk 1:21:53]}
Bxf4 {[%clk 1:13:52]} 10. Nxf4 {[%clk 1:20:43]} Qd7 {[%clk 1:13:44]} 11. h3
{[%clk 1:17:59]} Bf5 {[%clk 1:07:58]} 12. O-O {[%clk 1:10:35]} Bxd3 {[%clk
0:52:03]} 13. Qxd3 {[%clk 1:10:33]} Rad8 {[%clk 0:51:08]} 14. Rfe1 {[%clk
1:04:12]} Qf5 {[%clk 0:47:04]} 15. Qxf5 {[%clk 0:59:54]} Nxf5 {[%clk 0:47:26]}
16. Re2 {[%clk 0:58:51]} g5 {[%clk 0:34:09]} 17. Nd3 {[%clk 0:57:10]} Rfe8
{[%clk 0:25:03]} 18. Rae1 {[%clk 0:55:30]} Rxe2 {[%clk 0:22:55]} 19. Rxe2
{[%clk 0:55:53]} f6 {[%clk 0:22:18]} 20. Nc5 {[%clk 0:51:25]} Nd6 {[%clk
0:20:47]} 21. Kf1 {[%clk 0:47:39]} Kf7 {[%clk 0:19:48]} 22. Ne6 {[%clk
0:33:58]} Rd7 {[%clk 0:18:41]} 23. Nc5 {[%clk 0:32:02]} Re7 {[%clk 0:18:02]}
24. Rxe7+ {[%clk 0:31:26]} Kxe7 {[%clk 0:18:25]} 25. Ke2 {[%clk 0:31:16]} b6
{[%clk 0:17:31]} 26. Nd3 {[%clk 0:31:24]} Nd8 {[%clk 0:13:50]} 27. g3 {[%clk
0:28:09]} c6 {[%clk 0:11:04]} 28. Kf3 {[%clk 0:23:55]} Ne6 {[%clk 0:08:35]} 29.
Nb4 {[%clk 0:19:03]} Kd7 {[%clk 0:08:40]} 30. Ke2 {[%clk 0:15:21]} Nf5 {[%clk
0:07:17]} 31. Nf1 {[%clk 0:13:52]} h5 {[%clk 0:04:15]} 32. Nc2 {[%clk 0:09:22]}
Kd6 {[%clk 0:02:49]} 33. Nfe3 {[%clk 0:09:22]} Nfg7 {[%clk 0:02:27]} 34. f3
{[%clk 0:04:49]} c5 {[%clk 0:02:01]} 35. Kf2 {[%clk 0:03:49]} f5 {[%clk
0:01:28]} 36. dxc5+ {[%clk 0:02:03]} bxc5 {[%clk 0:01:30]} 37. Ng2 {[%clk
0:02:14]} Ke5 {[%clk 0:01:23]} 38. b3 {[%clk 0:00:54]} d4 {[%clk 0:00:46]} 39.
cxd4+ {[%clk 0:01:16]} cxd4 {[%clk 0:00:42]} 40. Ke2 {[%clk 0:01:31]} Nc5
{[%clk 0:00:38]} 41. Nge1 {[%clk 0:29:45]} Nge6 {[%clk 0:23:17]} 42. Nd3+
{[%clk 0:27:17]} Nxd3 {[%clk 0:20:21]} 43. Kxd3 {[%clk 0:27:41]} f4 {[%clk
0:16:49]} 44. g4 {[%clk 0:27:58]} hxg4 {[%clk 0:16:52]} 45. hxg4 {[%clk
0:28:06]} Nc5+ {[%clk 0:15:51]} 46. Kd2 {[%clk 0:22:18]} a5 {[%clk 0:10:16]}
47. Ne1 {[%clk 0:21:18]} Na6 {[%clk 0:04:48]} 48. Nd3+ {[%clk 0:20:09]} Kd5
{[%clk 0:04:56]} 49. a3 {[%clk 0:19:14]} Nc7 {[%clk 0:04:27]} 50. a4 {[%clk
0:15:17]} Na6 {[%clk 0:04:32]} 51. Kc2 {[%clk 0:09:56]} Nc5 {[%clk 0:03:35]}
52. Nxc5 {[%clk 0:07:35]} Kxc5 {[%clk 0:03:57]} 53. Kd3 {[%clk 0:07:48]} Kb4
{[%clk 0:03:57]} 54. Kxd4 {[%clk 0:08:06]} Kxb3 {[%clk 0:04:15]} 55. Kd3 {[%clk
0:08:27]} Kxa4 {[%clk 0:04:37]} 56. Kc4 {[%clk 0:08:53]} Ka3 {[%clk 0:04:23]}
57. Kc3 a4 {[%clk 0:04:45]} 58. Kc2 {[%clk 0:06:26]} Kb4 {[%clk 0:05:08]} 59.
Kb2 {[%clk 0:06:40]} Kc4 {[%clk 0:05:28]} 0-1

[Event "DEM U16w 2022"]
[Site "Willingen GER"]
[Date "2022.06.05"]
[Round "1"]
[White "Hubert, Charlotte"]
[Black "Pikki, Daria"]
[Result "0-1"]
[Termination "normal"]
[Board "4"]
[WhiteElo "1651"]
[BlackElo "1638"]
[WhiteClock "00:18:25"]
[BlackClock "00:26:37"]
[PlyCount "100"]
[WhiteFideId "16265920"]
[BlackFideId "16281306"]
[EventCountry "GER"]
[EventRounds "9"]
[EventType "swiss"]
[EventDate "2022.06.04"]

1. e4 {[%clk 1:30:56]} e5 {[%clk 1:30:56]} 2. Nf3 {[%clk 1:31:15]} Nc6 {[%clk
1:31:19]} 3. Bb5 {[%clk 1:31:37]} Nf6 {[%clk 1:31:42]} 4. d3 {[%clk 1:32:00]}
d6 {[%clk 1:32:08]} 5. O-O {[%clk 1:32:06]} Be7 {[%clk 1:32:30]} 6. c3 {[%clk
1:31:37]} O-O {[%clk 1:32:47]} 7. Nbd2 {[%clk 1:30:29]} Bd7 {[%clk 1:32:48]} 8.
Re1 {[%clk 1:28:49]} h6 {[%clk 1:31:55]} 9. Nf1 {[%clk 1:28:00]} Re8 {[%clk
1:32:03]} 10. Ng3 {[%clk 1:25:30]} Bf8 {[%clk 1:31:16]} 11. Ba4 {[%clk
1:15:50]} Ne7 {[%clk 1:28:20]} 12. Bb3 {[%clk 1:13:56]} Ng6 {[%clk 1:27:14]}
13. d4 {[%clk 1:05:35]} c5 {[%clk 1:24:06]} 14. a4 {[%clk 0:53:38]} b6 {[%clk
1:13:32]} 15. dxe5 {[%clk 0:44:40]} dxe5 {[%clk 1:13:36]} 16. Qc2 {[%clk
0:43:00]} Qc7 {[%clk 1:11:59]} 17. Nd2 {[%clk 0:37:47]} Rad8 {[%clk 1:10:07]}
18. Nc4 {[%clk 0:35:56]} Bc6 {[%clk 1:04:45]} 19. f3 {[%clk 0:32:15]} a6 {[%clk
1:02:23]} 20. Ne3 {[%clk 0:29:02]} Nf4 {[%clk 0:59:14]} 21. Ne2 {[%clk
0:17:28]} N6h5 {[%clk 0:52:45]} 22. Nxf4 {[%clk 0:16:14]} Nxf4 {[%clk 0:52:50]}
23. g3 {[%clk 0:15:32]} Nd3 {[%clk 0:49:16]} 24. Rd1 {[%clk 0:15:32]} Nxc1
{[%clk 0:49:03]} 25. Raxc1 {[%clk 0:15:41]} b5 {[%clk 0:47:10]} 26. axb5 {[%clk
0:13:52]} axb5 {[%clk 0:46:25]} 27. Bd5 {[%clk 0:13:07]} Bd7 {[%clk 0:42:21]}
28. c4 {[%clk 0:13:13]} b4 {[%clk 0:41:46]} 29. Ra1 {[%clk 0:13:00]} Qb6 {[%clk
0:39:38]} 30. Qb3 {[%clk 0:11:29]} Qf6 {[%clk 0:33:56]} 31. Kg2 h5 {[%clk
0:31:04]} 32. Ra7 {[%clk 0:08:49]} Re7 {[%clk 0:28:51]} 33. Rda1 {[%clk
0:08:49]} g6 {[%clk 0:26:48]} 34. R1a6 {[%clk 0:07:37]} Be6 {[%clk 0:21:08]}
35. Rxe7 {[%clk 0:03:57]} Bxe7 {[%clk 0:20:05]} 36. Qa4 {[%clk 0:03:03]} Qg5
{[%clk 0:18:40]} 37. Qb3 Qf6 {[%clk 0:17:31]} 38. Ra1 {[%clk 0:02:44]} Bd7
{[%clk 0:16:40]} 39. Ra7 Be6 {[%clk 0:16:27]} 40. Ra6 {[%clk 0:02:18]} Bh3+
{[%clk 0:15:22]} 41. Kxh3 {[%clk 0:02:42]} Qxa6 {[%clk 0:15:48]} 42. f4 {[%clk
0:01:36]} exf4 {[%clk 0:13:52]} 43. gxf4 {[%clk 0:01:37]} Qf6 {[%clk 0:13:37]}
44. Ng2 {[%clk 0:01:05]} Bd6 {[%clk 0:12:44]} 45. Qd3 {[%clk 0:28:57]} Bxf4
{[%clk 0:38:09]} 46. Nxf4 {[%clk 0:21:00]} Qxf4 {[%clk 0:34:54]} 47. Qg3 {[%clk
0:21:11]} Qf6 {[%clk 0:32:42]} 48. e5 {[%clk 0:19:44]} Qf5+ {[%clk 0:32:44]}
49. Kh4 {[%clk 0:19:38]} Kg7 {[%clk 0:31:20]} 50. e6 {[%clk 0:18:25]} fxe6
{[%clk 0:26:37]} 0-1

[Event "DEM U16w 2022"]
[Site "Willingen GER"]
[Date "2022.06.05"]
[Round "1"]
[White "Duchstein, Anna"]
[Black "Cordes, Jule"]
[Result "1/2-1/2"]
[Termination "normal"]
[Board "5"]
[WhiteElo "1661"]
[BlackElo "1841"]
[WhiteClock "00:22:45"]
[BlackClock "00:17:10"]
[PlyCount "87"]
[WhiteFideId "16261372"]
[BlackFideId "1060708"]
[EventCountry "GER"]
[EventRounds "9"]
[EventType "swiss"]
[EventDate "2022.06.04"]

1. e4 {[%clk 1:30:57]} c5 {[%clk 1:30:54]} 2. Nf3 {[%clk 1:31:19]} g6 {[%clk
1:31:15]} 3. d4 {[%clk 1:31:23]} cxd4 {[%clk 1:31:38]} 4. Qxd4 {[%clk 1:31:35]}
Nf6 {[%clk 1:32:02]} 5. Nc3 {[%clk 1:31:16]} Nc6 {[%clk 1:32:12]} 6. Qa4 {[%clk
1:30:35]} d6 {[%clk 1:29:48]} 7. e5 {[%clk 1:29:46]} dxe5 {[%clk 1:30:03]} 8.
Nxe5 {[%clk 1:29:54]} Bd7 {[%clk 1:27:46]} 9. Nxd7 {[%clk 1:28:49]} Qxd7 {[%clk
1:26:49]} 10. Be3 {[%clk 1:25:04]} Bg7 {[%clk 1:17:38]} 11. Rd1 {[%clk
1:13:58]} Qc8 {[%clk 1:16:11]} 12. Be2 {[%clk 1:03:45]} O-O {[%clk 1:11:31]}
13. O-O {[%clk 0:57:39]} a6 {[%clk 0:55:53]} 14. Qh4 {[%clk 0:49:17]} Re8
{[%clk 0:50:15]} 15. Na4 {[%clk 0:39:23]} Qf5 {[%clk 0:35:05]} 16. Bd3 {[%clk
0:35:27]} Qg4 {[%clk 0:25:54]} 17. Bg5 {[%clk 0:31:12]} Qxh4 {[%clk 0:18:58]}
18. Bxh4 {[%clk 0:31:27]} b5 {[%clk 0:09:44]} 19. Nb6 {[%clk 0:23:39]} Rab8
{[%clk 0:04:02]} 20. Bxf6 {[%clk 0:22:44]} exf6 {[%clk 0:03:52]} 21. Nd5 {[%clk
0:19:16]} Rbc8 {[%clk 0:02:24]} 22. c3 {[%clk 0:16:55]} Ne5 {[%clk 0:01:59]}
23. Be2 {[%clk 0:13:46]} f5 {[%clk 0:01:54]} 24. a4 {[%clk 0:12:19]} Nc4 {[%clk
0:01:16]} 25. Bxc4 {[%clk 0:12:22]} bxc4 {[%clk 0:01:15]} 26. Rd2 {[%clk
0:08:59]} Rc5 {[%clk 0:00:48]} 27. Rfd1 {[%clk 0:08:23]} Ra5 {[%clk 0:00:54]}
28. Nb6 {[%clk 0:06:59]} Rc5 {[%clk 0:00:47]} 29. Rd8 {[%clk 0:06:27]} Rce5
{[%clk 0:00:42]} 30. Rxe8+ {[%clk 0:06:12]} Rxe8 {[%clk 0:01:11]} 31. Nxc4
{[%clk 0:05:53]} Rc8 {[%clk 0:01:31]} 32. Ne3 {[%clk 0:05:27]} Rb8 {[%clk
0:01:14]} 33. Rd2 {[%clk 0:04:45]} Kf8 {[%clk 0:01:03]} 34. Nd1 {[%clk
0:04:01]} Re8 {[%clk 0:00:44]} 35. Kf1 {[%clk 0:03:43]} Re4 {[%clk 0:00:34]}
36. b3 {[%clk 0:03:00]} Re6 {[%clk 0:00:37]} 37. Rd5 {[%clk 0:02:35]} Rc6
{[%clk 0:00:48]} 38. c4 {[%clk 0:02:04]} Ke8 {[%clk 0:00:46]} 39. c5 {[%clk
0:01:21]} a5 {[%clk 0:01:01]} 40. Ne3 {[%clk 0:01:02]} Bc3 {[%clk 0:00:39]} 41.
Nc4 {[%clk 0:30:29]} Bb4 {[%clk 0:21:51]} 42. Nd6+ {[%clk 0:26:57]} Ke7 {[%clk
0:21:29]} 43. Nb7 {[%clk 0:25:12]} Rc7 {[%clk 0:17:10]} 44. c6 {[%clk 0:22:45]}
1/2-1/2

[Event "DEM U16w 2022"]
[Site "Willingen GER"]
[Date "2022.06.05"]
[Round "1"]
[White "Sereda, Yaroslava"]
[Black "Racky, Selina"]
[Result "1-0"]
[Termination "normal"]
[Board "6"]
[WhiteElo "1698"]
[BlackElo "1424"]
[WhiteClock "00:08:35"]
[BlackClock "00:06:37"]
[PlyCount "92"]
[WhiteFideId "14178940"]
[BlackFideId "16239440"]
[EventCountry "GER"]
[EventRounds "9"]
[EventType "swiss"]
[EventDate "2022.06.04"]

1. e4 {[%clk 1:30:56]} c6 {[%clk 1:30:48]} 2. d4 {[%clk 1:31:18]} d5 {[%clk
1:31:14]} 3. Nc3 {[%clk 1:31:32]} dxe4 {[%clk 1:31:21]} 4. Nxe4 {[%clk
1:31:51]} Nd7 {[%clk 1:31:21]} 5. Nf3 {[%clk 1:30:44]} Ngf6 {[%clk 1:24:58]} 6.
Nxf6+ {[%clk 1:24:28]} Nxf6 {[%clk 1:24:57]} 7. Bc4 {[%clk 1:23:53]} e6 {[%clk
1:18:48]} 8. O-O {[%clk 1:22:42]} Be7 {[%clk 1:15:27]} 9. c3 {[%clk 1:12:53]}
h6 {[%clk 1:12:22]} 10. Re1 {[%clk 1:09:02]} O-O {[%clk 0:54:54]} 11. Bb3
{[%clk 1:01:36]} b5 {[%clk 0:49:10]} 12. Ne5 {[%clk 0:59:04]} Qc7 {[%clk
0:47:10]} 13. Qd3 {[%clk 0:57:52]} Nd5 {[%clk 0:27:54]} 14. Bc2 {[%clk
0:36:21]} f5 {[%clk 0:23:15]} 15. Qg3 {[%clk 0:35:07]} Rf6 {[%clk 0:21:14]} 16.
b3 {[%clk 0:29:19]} Bd6 {[%clk 0:20:39]} 17. c4 {[%clk 0:26:54]} Ne7 {[%clk
0:20:15]} 18. Bf4 {[%clk 0:22:59]} Qd8 {[%clk 0:15:33]} 19. Rad1 {[%clk
0:17:40]} Qe8 {[%clk 0:13:25]} 20. Ng4 {[%clk 0:15:21]} Rg6 {[%clk 0:11:11]}
21. Bxd6 {[%clk 0:15:08]} Rxg4 {[%clk 0:11:32]} 22. Qf3 {[%clk 0:14:29]} Rg5
{[%clk 0:08:21]} 23. cxb5 {[%clk 0:12:52]} Bb7 {[%clk 0:06:29]} 24. Bxe7 {[%clk
0:12:46]} Qxe7 {[%clk 0:06:57]} 25. bxc6 {[%clk 0:13:01]} Ba6 {[%clk 0:07:05]}
26. Bxf5 {[%clk 0:12:20]} Rf8 {[%clk 0:05:58]} 27. Bxe6+ {[%clk 0:12:20]} Kh8
{[%clk 0:06:17]} 28. Qe3 {[%clk 0:11:13]} Qd6 {[%clk 0:05:24]} 29. Rc1 {[%clk
0:10:17]} Qc7 {[%clk 0:04:26]} 30. d5 {[%clk 0:09:52]} Rd8 {[%clk 0:03:29]} 31.
Qf3 {[%clk 0:08:51]} Rg6 {[%clk 0:03:13]} 32. Qf7 {[%clk 0:07:54]} Qxf7 {[%clk
0:03:24]} 33. Bxf7 {[%clk 0:08:18]} Rf6 {[%clk 0:03:40]} 34. Be6 {[%clk
0:06:44]} Bc8 {[%clk 0:03:43]} 35. Bxc8 {[%clk 0:06:11]} Rxc8 {[%clk 0:04:08]}
36. Re7 {[%clk 0:06:28]} Rd6 {[%clk 0:04:23]} 37. Rxa7 {[%clk 0:06:28]} Rxd5
{[%clk 0:04:46]} 38. c7 {[%clk 0:06:48]} Kg8 {[%clk 0:04:37]} 39. Rb7 {[%clk
0:07:07]} Kh7 {[%clk 0:04:55]} 40. h3 {[%clk 0:07:20]} Rd7 {[%clk 0:05:19]} 41.
a4 {[%clk 0:07:37]} Kg6 {[%clk 0:05:33]} 42. Rb6+ {[%clk 0:07:43]} Kf7 {[%clk
0:05:48]} 43. Rbc6 {[%clk 0:08:06]} Ke7 {[%clk 0:05:57]} 44. b4 {[%clk
0:08:10]} Rd6 {[%clk 0:06:13]} 45. Rxd6 {[%clk 0:08:11]} Kxd6 {[%clk 0:06:37]}
46. b5 {[%clk 0:08:35]} Kd5 1-0

[Event "DEM U16w 2022"]
[Site "Willingen GER"]
[Date "2022.06.05"]
[Round "1"]
[White "Foos, Vanessa"]
[Black "Voigt, Anastasia"]
[Result "0-1"]
[Termination "normal"]
[Board "7"]
[WhiteElo "1462"]
[BlackElo "1665"]
[WhiteClock "00:46:25"]
[BlackClock "01:01:35"]
[PlyCount "40"]
[WhiteFideId "16245270"]
[BlackFideId "16235223"]
[EventCountry "GER"]
[EventRounds "9"]
[EventType "swiss"]
[EventDate "2022.06.04"]

1. e4 {[%clk 1:30:56]} e5 {[%clk 1:30:57]} 2. Nf3 {[%clk 1:31:18]} Nc6 {[%clk
1:31:23]} 3. Bc4 {[%clk 1:31:29]} Bc5 {[%clk 1:31:24]} 4. b4 {[%clk 1:31:53]}
Bxb4 {[%clk 1:31:48]} 5. c3 {[%clk 1:32:17]} Ba5 {[%clk 1:32:14]} 6. Qb3 {[%clk
1:23:42]} Qe7 {[%clk 1:32:28]} 7. Ba3 {[%clk 1:22:44]} d6 {[%clk 1:32:40]} 8.
O-O {[%clk 1:21:46]} Nf6 {[%clk 1:31:06]} 9. Bd5 {[%clk 1:10:48]} O-O {[%clk
1:09:38]} 10. Bxc6 {[%clk 1:05:00]} bxc6 {[%clk 1:09:58]} 11. Qa4 {[%clk
1:05:21]} Bb6 {[%clk 1:10:14]} 12. Qxc6 {[%clk 1:05:04]} Rb8 {[%clk 1:07:51]}
13. d3 {[%clk 0:58:59]} Bd7 {[%clk 1:07:57]} 14. Qc4 {[%clk 0:58:37]} Bb5
{[%clk 1:07:25]} 15. Qb3 {[%clk 0:51:15]} Bxd3 {[%clk 1:07:42]} 16. Qa4 {[%clk
0:50:19]} Nxe4 {[%clk 1:03:00]} 17. Rc1 {[%clk 0:45:21]} Bxf2+ {[%clk 1:02:51]}
18. Kh1 {[%clk 0:45:40]} Bxb1 {[%clk 1:01:16]} 19. Raxb1 {[%clk 0:45:58]} Rxb1
{[%clk 1:01:35]} 20. Rxb1 {[%clk 0:46:25]} Nxc3 0-1

[Event "DEM U16w 2022"]
[Site "Willingen GER"]
[Date "2022.06.05"]
[Round "1"]
[White "Prinzen, Siri Marleen"]
[Black "Miriieva, Amina"]
[Result "1-0"]
[Termination "normal"]
[Board "8"]
[WhiteElo "1744"]
[BlackElo "1155"]
[WhiteClock "00:42:35"]
[BlackClock "00:00:38"]
[PlyCount "53"]
[WhiteFideId "16265912"]
[BlackFideId "34154957"]
[EventCountry "GER"]
[EventRounds "9"]
[EventType "swiss"]
[EventDate "2022.06.04"]

1. d4 {[%clk 1:30:58]} d5 {[%clk 1:30:59]} 2. Bf4 {[%clk 1:31:21]} e6 {[%clk
1:30:49]} 3. e3 {[%clk 1:31:41]} Nf6 {[%clk 1:30:08]} 4. Nd2 {[%clk 1:32:02]}
Be7 {[%clk 1:29:46]} 5. Ngf3 {[%clk 1:32:03]} O-O {[%clk 1:29:16]} 6. Bd3
{[%clk 1:32:00]} c5 {[%clk 1:28:33]} 7. c3 {[%clk 1:32:10]} c4 {[%clk 1:28:01]}
8. Bc2 {[%clk 1:30:46]} Nc6 {[%clk 1:28:01]} 9. Ne5 {[%clk 1:30:03]} Bd7 {[%clk
1:25:45]} 10. O-O {[%clk 1:27:58]} a6 {[%clk 1:19:16]} 11. h4 {[%clk 1:11:04]}
Nxe5 {[%clk 1:13:44]} 12. dxe5 {[%clk 1:11:01]} Ne8 {[%clk 1:11:47]} 13. h5
{[%clk 1:08:15]} Bg5 {[%clk 1:07:09]} 14. Qg4 {[%clk 1:02:46]} Bxf4 {[%clk
0:56:29]} 15. exf4 {[%clk 1:01:59]} h6 {[%clk 0:54:13]} 16. Nf3 {[%clk
0:59:51]} Kh8 {[%clk 0:36:09]} 17. Nd4 {[%clk 0:56:51]} Rc8 {[%clk 0:22:53]}
18. Qh3 {[%clk 0:54:30]} f5 {[%clk 0:21:09]} 19. g4 {[%clk 0:48:24]} Rf7 {[%clk
0:06:00]} 20. gxf5 {[%clk 0:45:53]} exf5 {[%clk 0:05:15]} 21. e6 {[%clk
0:45:40]} Bxe6 {[%clk 0:03:41]} 22. Nxe6 {[%clk 0:45:56]} Qf6 {[%clk 0:03:38]}
23. Nd4 {[%clk 0:45:34]} Nd6 {[%clk 0:03:40]} 24. Rfe1 {[%clk 0:45:00]} Ne4
{[%clk 0:02:37]} 25. f3 {[%clk 0:44:51]} Nd6 {[%clk 0:01:52]} 26. Re6 {[%clk
0:44:35]} Qd8 {[%clk 0:00:38]} 27. Nxf5 {[%clk 0:42:35]} 1-0